[Event "MCRE_PF15"]
[Site "?"]
[Date "2003.??.??"]
[Round "1"]
[White "Juhasz, Jozef"]
[Black "Ksir, Bohumil"]
[Result "1/2-1/2"]
[WhiteElo "2188"]
[BlackElo "2115"]
[PlyCount "81"]
[EventDate "2003.??.??"]
[EventType "corr"]
[EventRounds "2"]
[SourceDate "2005.03.12"]

1. e4 c6 2. d4 d5 3. e5 Bf5 4. Nf3 e6 5. Be2 Nd7 6. O-O Bg6 7. Nbd2 Ne7 8. Nh4
c5 9. Nxg6 Nxg6 10. c3 Qb6 11. a4 Be7 12. a5 Qc6 13. f4 O-O 14. Bd3 c4 15. Bc2
f5 16. Qh5 Rf7 17. Rf3 b5 18. axb6 axb6 19. Rxa8+ Qxa8 20. Rf1 Ndf8 21. Qf3 Qa2
22. Qd1 Bd8 23. Nb1 Qa8 24. b3 b5 25. Na3 Qa6 26. Qf3 Ra7 27. Bb2 Qc6 28. b4
Ra6 29. Qg3 Be7 30. Ra1 Qb6 31. Qf3 Qc6 32. Ra2 Qb7 33. Qe3 Nd7 34. Bc1 Qa8 35.
Bd1 Ndf8 36. Qf3 Nd7 37. Qf2 Bd8 38. Qg3 Ndf8 39. Ra1 Ne7 40. Bc2 Bb6 41. Qe3
1/2-1/2

[Event "MCRE_PF15"]
[Site "?"]
[Date "2003.??.??"]
[Round "1"]
[White "Juhasz, Jozef"]
[Black "Milos, Vladislav"]
[Result "1-0"]
[WhiteElo "2188"]
[BlackElo "2181"]
[PlyCount "105"]
[EventDate "2003.??.??"]
[EventType "corr"]
[EventRounds "2"]
[SourceDate "2005.03.12"]

1. e4 c5 2. Nf3 d6 3. d4 cxd4 4. Nxd4 Nf6 5. Nc3 Nc6 6. Bg5 e6 7. Bb5 Bd7 8.
O-O Be7 9. Nf3 O-O 10. Bxf6 gxf6 11. Qd3 a6 12. Bxc6 bxc6 13. Rfe1 Kh8 14. Rab1
Rg8 15. a3 Qb6 16. Nd2 Bc8 17. b4 Qc7 18. Ne2 a5 19. c4 axb4 20. axb4 Bb7 21.
b5 cxb5 22. cxb5 Qb6 23. Ng3 d5 24. exd5 Bxd5 25. Nc4 Qc5 26. Ne3 Ra3 27. Qe2
Bb7 28. Red1 Rd8 29. Rxd8+ Bxd8 30. Rd1 Be7 31. Qh5 Qxh5 32. Nxh5 Bc8 33. Rc1
Ra8 34. Ng4 f5 35. Nh6 Bb7 36. f4 Rc8 37. Rxc8+ Bxc8 38. Nxf7+ Kg8 39. Ne5 Bb7
40. h3 Kf8 41. g4 Bd8 42. Kf1 Bc7 43. g5 Ke7 44. Ke2 Bc8 45. Nf6 Bxe5 46. fxe5
Kf7 47. h4 Kg7 48. Kf3 Bb7+ 49. Kf4 Bg2 50. h5 h6 51. Ne8+ Kg8 52. g6 Bh1 53.
Nc7 1-0

[Event "MCRE_PF15"]
[Site "?"]
[Date "2003.??.??"]
[Round "1"]
[White "Juhasz, Jozef"]
[Black "Valenta, Josef"]
[Result "1-0"]
[WhiteElo "2188"]
[BlackElo "2168"]
[PlyCount "55"]
[EventDate "2003.??.??"]
[EventType "corr"]
[EventRounds "2"]
[SourceDate "2005.03.12"]

1. e4 c5 2. Nf3 a6 3. Nc3 e6 4. d4 cxd4 5. Nxd4 b5 6. Bd3 Bb7 7. O-O d6 8. Re1
Nf6 9. a4 b4 10. Na2 d5 11. e5 Ne4 12. c3 bxc3 13. Nxc3 Nxc3 14. bxc3 Qc7 15.
Bg5 h5 16. Rb1 Nc6 17. Be3 Be7 18. Nxc6 Bxc6 19. Bb6 Qc8 20. a5 Bb7 21. Re2 Qc6
22. Bd4 Bd8 23. Reb2 Bc8 24. c4 Bxa5 25. cxd5 exd5 26. Rc1 Qd7 27. Ra1 Bd8 28.
Bb5 1-0

[Event "MCRE_PF15"]
[Site "?"]
[Date "2003.??.??"]
[Round "1"]
[White "Koukal, Vladimir"]
[Black "Juhasz, Jozef"]
[Result "0-1"]
[WhiteElo "2194"]
[BlackElo "2188"]
[PlyCount "102"]
[EventDate "2003.??.??"]
[EventType "corr"]
[EventRounds "2"]
[SourceDate "2005.03.12"]

1. e4 e5 2. Nf3 Nc6 3. Bc4 Bc5 4. c3 Nf6 5. d3 d6 6. O-O a6 7. b4 Ba7 8. a4 O-O
9. a5 Rb8 10. Bg5 h6 11. Bh4 g5 12. Bg3 g4 13. Nh4 Nh5 14. Kh1 Qg5 15. Na3 Kg7
16. Qe2 Ne7 17. Rae1 b6 18. axb6 Bxb6 19. Ba2 a5 20. bxa5 Bxa5 21. Qc2 Ra8 22.
Ra1 c6 23. Nc4 Bc7 24. Qe2 d5 25. Ne3 Be6 26. d4 Ra3 27. dxe5 Rxc3 28. Nef5+
Nxf5 29. exf5 Bc8 30. Rae1 Bxf5 31. Nxf5+ Qxf5 32. Bb1 Qe6 33. Bh4 Rb8 34. f4
gxf3 35. Rxf3 Qxe5 36. Qxe5+ Bxe5 37. Rf5 Rc4 38. Be7 f6 39. Rxh5 Re8 40. Ba2
Rc2 41. Bb1 Rb2 42. Rhxe5 fxe5 43. Bc5 Rb5 44. Be3 Ra8 45. Bf5 c5 46. Bd7 Rba5
47. Bc1 Rb8 48. g4 c4 49. Be6 Rb6 50. Bf5 d4 51. Kg2 Rb3 0-1

[Event "MCRE_PF15"]
[Site "?"]
[Date "2003.??.??"]
[Round "1"]
[White "Koukal, Vladimir"]
[Black "Ksir, Bohumil"]
[Result "1/2-1/2"]
[WhiteElo "2194"]
[BlackElo "2115"]
[PlyCount "85"]
[EventDate "2003.??.??"]
[EventType "corr"]
[EventRounds "2"]
[SourceDate "2005.03.12"]

1. e4 c5 2. Nf3 Nc6 3. d4 cxd4 4. Nxd4 Nf6 5. Nc3 e5 6. Ndb5 d6 7. Nd5 Nxd5 8.
exd5 Nb8 9. Bd3 Be7 10. O-O O-O 11. Qh5 f5 12. Re1 Na6 13. c4 Bd7 14. Bd2 Nc5
15. Bc2 g6 16. Qe2 Bxb5 17. cxb5 e4 18. Bh6 Re8 19. Qd2 Bf6 20. Rab1 Rc8 21.
Be3 Be5 22. h3 Qf6 23. Bg5 Qg7 24. Bh6 Qh8 25. Qb4 f4 26. h4 Qf6 27. Bg5 Qg7
28. Qd2 Rf8 29. b4 Nd7 30. Rxe4 h6 31. Bxf4 Bxf4 32. Rxf4 Rxf4 33. Qxf4 Rxc2
34. Qxd6 Qf7 35. Qg3 Rxa2 36. Re1 Rd2 37. d6 Nf8 38. Re7 Qd5 39. d7 Rd1+ 40.
Kh2 Rd3 41. f3 Qxb5 42. Re8 Rxd7 43. Qxg6+ 1/2-1/2

[Event "MCRE_PF15"]
[Site "?"]
[Date "2003.??.??"]
[Round "1"]
[White "Koukal, Vladimir"]
[Black "Milos, Vladislav"]
[Result "1-0"]
[WhiteElo "2194"]
[BlackElo "2281"]
[PlyCount "60"]
[EventDate "2003.??.??"]
[EventType "corr"]
[EventRounds "2"]
[SourceDate "2005.03.12"]

1. e4 e5 2. Nf3 Nc6 3. Bb5 a6 4. Ba4 Nf6 5. O-O Be7 6. Re1 b5 7. Bb3 d6 8. c3
O-O 9. d4 Bg4 10. Be3 Re8 11. Nbd2 d5 12. h3 exd4 13. cxd4 Bxf3 14. Qxf3 Bb4
15. e5 Nxd4 16. Bxd4 Bxd2 17. Re2 Ne4 18. Rd1 Bg5 19. Rxe4 dxe4 20. Qxf7+ Kh8
21. Bc5 Qc8 22. Rd7 Bh6 23. e6 Rg8 24. Qf5 Qe8 25. Rf7 Qc6 26. Bc2 g6 27. Bd4+
Bg7 28. Rxg7 gxf5 29. Rxc7+ Rg7 30. Bxg7+ Kg8 1-0

[Event "MCRE_PF15"]
[Site "?"]
[Date "2003.??.??"]
[Round "1"]
[White "Koukal, Vladimir"]
[Black "Valenta, Josef"]
[Result "1/2-1/2"]
[WhiteElo "2194"]
[BlackElo "2168"]
[PlyCount "73"]
[EventDate "2003.??.??"]
[EventType "corr"]
[EventRounds "2"]
[SourceDate "2005.03.12"]

1. e4 c5 2. Nf3 Nc6 3. d4 cxd4 4. Nxd4 Nf6 5. Nc3 e5 6. Ndb5 d6 7. Nd5 Nxd5 8.
exd5 Ne7 9. c3 Nf5 10. Bd3 Be7 11. Qg4 g6 12. Qb4 O-O 13. O-O a6 14. Na3 b5 15.
Nc2 Bb7 16. Qb3 Bf6 17. a4 Ne7 18. Ne3 Bg5 19. axb5 axb5 20. Rxa8 Qxa8 21. Qxb5
Bxe3 22. Bxe3 Nxd5 23. Bh6 Rb8 24. Qc4 Bc6 25. Rd1 Rxb2 26. Qh4 Nc7 27. Qe7 Ne6
28. Qxd6 Bxg2 29. Qxe5 Bf3 30. Rb1 Rxb1+ 31. Bxb1 Bd5 32. h4 Qd8 33. Be4 Bxe4
34. Qxe4 Qc8 35. c4 f6 36. Qd5 Kf7 37. Kg2 1/2-1/2

[Event "MCRE_PF15"]
[Site "?"]
[Date "2003.??.??"]
[Round "1"]
[White "Milos, Vladislav"]
[Black "Ksir, Bohumil"]
[Result "0-1"]
[WhiteElo "2181"]
[BlackElo "2115"]
[PlyCount "70"]
[EventDate "2003.??.??"]
[EventType "corr"]
[EventRounds "2"]
[SourceDate "2005.03.12"]

1. e4 e6 2. d4 d5 3. Nc3 Nf6 4. e5 Nfd7 5. f4 c5 6. Nf3 Nc6 7. Be3 Qb6 8. Na4
Qa5+ 9. c3 cxd4 10. b4 Nxb4 11. cxb4 Bxb4+ 12. Bd2 Bxd2+ 13. Nxd2 b6 14. Kf2
O-O 15. Nf3 Nc5 16. Nxc5 bxc5 17. Qe1 Qc7 18. Rc1 f6 19. Kg1 Qc6 20. exf6 gxf6
21. Rb1 Qd6 22. Qg3+ Kh8 23. Qh4 c4 24. Nxd4 e5 25. Nf3 Bf5 26. Re1 c3 27. fxe5
fxe5 28. Nxe5 Be4 29. Qg3 Qb6+ 30. Qe3 d4 31. Nd7 dxe3 32. Nxb6 axb6 33. Rxe3
c2 34. Re1 Rad8 35. Be2 Rd2 0-1

[Event "MCRE_PF15"]
[Site "?"]
[Date "2003.??.??"]
[Round "1"]
[White "Milos, Vladislav"]
[Black "Valenta, Josef"]
[Result "1-0"]
[WhiteElo "2181"]
[BlackElo "2168"]
[PlyCount "67"]
[EventDate "2003.??.??"]
[EventType "corr"]
[EventRounds "2"]
[SourceDate "2005.03.12"]

1. e4 c5 2. Nf3 Nc6 3. d4 cxd4 4. Nxd4 Nf6 5. Nc3 e5 6. Ndb5 d6 7. Bg5 a6 8.
Bxf6 gxf6 9. Na3 b5 10. Nd5 Be7 11. c4 b4 12. Nc2 f5 13. exf5 Bxf5 14. Bd3 Be6
15. O-O a5 16. Qh5 Bxd5 17. cxd5 Nb8 18. f4 Nd7 19. fxe5 Qb6+ 20. Kh1 Nxe5 21.
Rad1 Kd8 22. Bxh7 Rc8 23. Nd4 Rc4 24. Nc6+ Nxc6 25. dxc6 Rxc6 26. Rxf7 Rc5 27.
Qe2 Qc7 28. Qf3 Qc6 29. Be4 Qc7 30. Bg6 Rg8 31. Qa8+ Qc8 32. Qe4 Re8 33. Rh7
Rc1 34. Re1 1-0

[Event "MCRE_PF15"]
[Site "?"]
[Date "2003.??.??"]
[Round "1"]
[White "Sochor, Frantisek"]
[Black "Juhasz, Jozef"]
[Result "1/2-1/2"]
[WhiteElo "2252"]
[BlackElo "2188"]
[PlyCount "159"]
[EventDate "2003.??.??"]
[EventType "corr"]
[EventRounds "2"]
[SourceDate "2005.03.12"]

1. e4 e5 2. Nf3 Nc6 3. Bb5 a6 4. Ba4 Nf6 5. O-O Be7 6. Re1 b5 7. Bb3 d6 8. a4
Bg4 9. c3 O-O 10. h3 Bxf3 11. Qxf3 Na5 12. Bc2 c5 13. d3 b4 14. Nd2 Rb8 15. Nf1
Ne8 16. Ne3 Bg5 17. Nf5 Bxc1 18. Raxc1 b3 19. Bd1 Qg5 20. Be2 g6 21. Qe3 Qxe3
22. Nxe3 Nf6 23. Rf1 h5 24. f4 Kg7 25. g3 Rfe8 26. g4 hxg4 27. hxg4 Nd7 28.
fxe5 Rxe5 29. Rf4 Rbe8 30. Rcf1 f6 31. R1f2 c4 32. d4 Rxe4 33. Rxe4 Rxe4 34.
Nxc4 Nxc4 35. Bxc4 Nb6 36. Bxb3 Rxg4+ 37. Kh2 d5 38. a5 Nc4 39. Bd1 Rh4+ 40.
Kg3 Rh8 41. Bf3 Rd8 42. b4 f5 43. b5 axb5 44. Ra2 g5 45. a6 Nb6 46. a7 Ra8 47.
Ra6 Nc8 48. Rc6 Nxa7 49. Ra6 Kh8 50. Kf2 b4 51. cxb4 Rb8 52. Rxa7 Rxb4 53. Rf7
f4 54. Rf5 Rxd4 55. Rxg5 Rd2+ 56. Ke1 Rh2 57. Bxd5 Kh7 58. Bg2 Kh6 59. Rg8 Rh5
60. Kf2 Rg5 61. Rf8 Rg4 62. Be4 Kg7 63. Rf5 Rh4 64. Kf3 Kh6 65. Rd5 Kg7 66. Bf5
Kf6 67. Bg4 Rh1 68. Kxf4 Rf1+ 69. Bf3 Re1 70. Rc5 Ke6 71. Rc6+ Kd7 72. Ra6 Rf1
73. Ke4 Rb1 74. Kd4 Rg1 75. Be4 Rg5 76. Bd5 Rh5 77. Kc5 Ke7 78. Re6+ Kd7 79.
Rf6 Re5 80. Rf7+ 1/2-1/2

[Event "MCRE_PF15"]
[Site "?"]
[Date "2003.??.??"]
[Round "1"]
[White "Sochor, Frantisek"]
[Black "Koukal, Vladimir"]
[Result "1/2-1/2"]
[WhiteElo "2252"]
[BlackElo "2194"]
[PlyCount "80"]
[EventDate "2003.??.??"]
[EventType "corr"]
[EventRounds "2"]
[SourceDate "2005.03.12"]

1. e4 e5 2. Bc4 Nf6 3. d3 Bc5 4. Nc3 c6 5. Nf3 d6 6. O-O O-O 7. Bg5 h6 8. Be3
Bxe3 9. fxe3 b5 10. Bb3 a5 11. a3 Na6 12. d4 Qe7 13. Qe1 b4 14. axb4 axb4 15.
Na4 Rb8 16. Nd2 Nc7 17. c4 c5 18. d5 Bd7 19. Ra2 Nh7 20. Qg3 Rb7 21. Rfa1 Ra8
22. Nc3 Rxa2 23. Nxa2 Ra7 24. Rf1 Ne8 25. Nc1 Nef6 26. Bc2 Ng5 27. Bb1 Ra1 28.
Ncb3 Ra8 29. Nc1 Ng4 30. Nd3 Ra1 31. Nc1 Ra5 32. Ncb3 Ra8 33. Qe1 Nf6 34. Qg3
Qd8 35. Kh1 Qe7 36. Kg1 Ra7 37. Nc1 Qd8 38. Kh1 Ng4 39. Kg1 Nf6 40. Kh1 Ng4
1/2-1/2

[Event "MCRE_PF15"]
[Site "?"]
[Date "2003.??.??"]
[Round "1"]
[White "Sochor, Frantisek"]
[Black "Ksir, Bohumil"]
[Result "1/2-1/2"]
[WhiteElo "2252"]
[BlackElo "2115"]
[PlyCount "63"]
[EventDate "2003.??.??"]
[EventType "corr"]
[EventRounds "2"]
[SourceDate "2005.03.12"]

1. e4 e5 2. Nf3 Nf6 3. d4 Nxe4 4. Bd3 Nc6 5. Nxe5 Nxe5 6. dxe5 Nc5 7. Bc4 d6 8.
Qf3 Ne6 9. exd6 Bxd6 10. Be3 O-O 11. Nd2 c5 12. O-O-O Nd4 13. Bxd4 cxd4 14. Kb1
Qc7 15. Qe4 Rd8 16. Bd5 g6 17. Qxd4 Bf5 18. Qc4 Rac8 19. Qxc7 Rxc7 20. Be4 Be6
21. Nf3 Rcd7 22. h3 f5 23. Ng5 Bf7 24. Nxf7 Kxf7 25. Bd5+ Kf6 26. c4 Bc5 27.
Rd2 b5 28. b3 bxc4 29. bxc4 Re7 30. f3 Rb8+ 31. Kc2 Re3 32. Rb1 1/2-1/2

[Event "MCRE_PF15"]
[Site "?"]
[Date "2003.??.??"]
[Round "1"]
[White "Sochor, Frantisek"]
[Black "Milos, Vladislav"]
[Result "1-0"]
[WhiteElo "2252"]
[BlackElo "2181"]
[PlyCount "61"]
[EventDate "2003.??.??"]
[EventType "corr"]
[EventRounds "2"]
[SourceDate "2005.03.12"]

1. e4 c5 2. Nf3 Nc6 3. d4 cxd4 4. Nxd4 Nf6 5. Nc3 e5 6. Ndb5 d6 7. Nd5 Nxd5 8.
exd5 Nb8 9. c4 Be7 10. Bd3 O-O 11. O-O a6 12. Nc3 f5 13. f3 Nd7 14. Be3 Bg5 15.
Bf2 b6 16. b4 Bb7 17. Qc2 g6 18. a4 Rc8 19. a5 Bh4 20. g3 Bf6 21. axb6 Nxb6 22.
c5 dxc5 23. bxc5 e4 24. fxe4 Bxc3 25. Qxc3 fxe4 26. Bxe4 Bxd5 27. Rad1 Qg5 28.
Rxd5 Nxd5 29. Qc4 Rcd8 30. Rd1 h6 31. Rxd5 1-0

[Event "MCRE_PF15"]
[Site "?"]
[Date "2003.??.??"]
[Round "1"]
[White "Sochor, Frantisek"]
[Black "Valenta, Josef"]
[Result "1-0"]
[WhiteElo "2252"]
[BlackElo "2168"]
[PlyCount "81"]
[EventDate "2003.??.??"]
[EventType "corr"]
[EventRounds "2"]
[SourceDate "2005.03.12"]

1. e4 c5 2. Nf3 Nc6 3. d4 cxd4 4. Nxd4 Nf6 5. Nc3 e5 6. Ndb5 d6 7. Nd5 Nxd5 8.
exd5 Ne7 9. c4 Nf5 10. Bd3 Be7 11. O-O O-O 12. f4 g6 13. Qf3 a6 14. Nc3 Bf6 15.
Kh1 Nd4 16. Qg3 b5 17. fxe5 Bxe5 18. Bf4 bxc4 19. Bxe5 dxe5 20. Qxe5 cxd3 21.
Qxd4 Rb8 22. d6 Rb6 23. Rf6 Be6 24. Ne4 a5 25. a3 Rc6 26. Raf1 Rc2 27. b4 axb4
28. axb4 Rc4 29. Qxd3 Rxb4 30. R6f4 Bc4 31. Qc3 Bxf1 32. Nf6+ Qxf6 33. Qxf6
Rxf4 34. Qxf4 Bb5 35. h4 f6 36. h5 Rf7 37. Qb4 Bd7 38. h6 Be8 39. Qb8 Kf8 40.
Qd8 f5 41. Qa5 1-0

[Event "MCRE_PF15"]
[Site "?"]
[Date "2003.??.??"]
[Round "1"]
[White "Sochor, Frantisek"]
[Black "Votypka, Miroslav"]
[Result "1-0"]
[WhiteElo "2252"]
[BlackElo "2249"]
[PlyCount "53"]
[EventDate "2003.??.??"]
[EventType "corr"]
[EventRounds "2"]
[SourceDate "2005.03.12"]

1. e4 e5 2. Nf3 Nc6 3. Bb5 a6 4. Ba4 Nf6 5. O-O Be7 6. Re1 b5 7. Bb3 d6 8. c3
O-O 9. h3 Na5 10. Bc2 c5 11. d4 cxd4 12. cxd4 exd4 13. Nxd4 Re8 14. Nc3 Bd7 15.
Qd3 Nc6 16. Nxc6 Bxc6 17. Bf4 Qd7 18. a4 Qb7 19. axb5 axb5 20. b4 Rxa1 21. Rxa1
Ra8 22. Re1 Ra3 23. Bc1 Ra1 24. Bb1 Bf8 25. Bb2 Ra8 26. Nd1 Nd7 27. e5 1-0

[Event "MCRE_PF15"]
[Site "?"]
[Date "2003.??.??"]
[Round "1"]
[White "Svajdler, Frantisek"]
[Black "Juhasz, Jozef"]
[Result "1/2-1/2"]
[WhiteElo "2278"]
[BlackElo "2188"]
[PlyCount "40"]
[EventDate "2003.??.??"]
[EventType "corr"]
[EventRounds "2"]
[SourceDate "2005.03.12"]

1. e4 e5 2. Nf3 Nc6 3. Bb5 a6 4. Ba4 Nf6 5. O-O Be7 6. Re1 b5 7. Bb3 d6 8. c3
O-O 9. h3 Na5 10. Bc2 c5 11. d4 cxd4 12. cxd4 Bb7 13. Nbd2 Rc8 14. d5 Qc7 15.
Bd3 Nd7 16. Nf1 f5 17. Ng3 fxe4 18. Bxe4 Nc4 19. Bf5 Kh8 20. Be6 Rce8 1/2-1/2

[Event "MCRE_PF15"]
[Site "?"]
[Date "2003.??.??"]
[Round "1"]
[White "Svajdler, Frantisek"]
[Black "Koukal, Vladimir"]
[Result "1/2-1/2"]
[WhiteElo "2278"]
[BlackElo "2194"]
[PlyCount "50"]
[EventDate "2003.??.??"]
[EventType "corr"]
[EventRounds "2"]
[SourceDate "2005.03.12"]

1. e4 e5 2. Nf3 Nc6 3. Bb5 a6 4. Ba4 Nf6 5. O-O Be7 6. Re1 b5 7. Bb3 d6 8. c3
O-O 9. h3 Bb7 10. d4 Na5 11. Bc2 c5 12. Nbd2 cxd4 13. cxd4 Rc8 14. d5 Qc7 15.
Bd3 Nd7 16. Nf1 f5 17. Ng3 fxe4 18. Bxe4 Nc4 19. Bf5 Rce8 20. Qd3 Kh8 21. Bxh7
Ncb6 22. Bg6 Rc8 23. Rd1 Kg8 24. Nf5 Nxd5 25. Ng5 Bxg5 1/2-1/2

[Event "MCRE_PF15"]
[Site "?"]
[Date "2003.??.??"]
[Round "1"]
[White "Svajdler, Frantisek"]
[Black "Ksir, Bohumil"]
[Result "1/2-1/2"]
[WhiteElo "2278"]
[BlackElo "2115"]
[PlyCount "44"]
[EventDate "2003.??.??"]
[EventType "corr"]
[EventRounds "2"]
[SourceDate "2005.03.12"]

1. e4 e5 2. Nf3 Nf6 3. Nxe5 d6 4. Nf3 Nxe4 5. d4 d5 6. Bd3 Nc6 7. O-O Be7 8. c4
Nb4 9. Be2 O-O 10. Nc3 Bf5 11. a3 Nxc3 12. bxc3 Nc6 13. Re1 dxc4 14. Bxc4 Bd6
15. Ra2 Qd7 16. Ng5 h6 17. Ne4 Bxe4 18. Rxe4 Rae8 19. Bd3 Rxe4 20. Bxe4 Re8 21.
Re2 Na5 22. Bf5 Qd8 1/2-1/2

[Event "MCRE_PF15"]
[Site "?"]
[Date "2003.??.??"]
[Round "1"]
[White "Svajdler, Frantisek"]
[Black "Milos, Vladislav"]
[Result "1/2-1/2"]
[WhiteElo "2278"]
[BlackElo "2181"]
[PlyCount "38"]
[EventDate "2003.??.??"]
[EventType "corr"]
[EventRounds "2"]
[SourceDate "2005.03.12"]

1. e4 c5 2. c3 Nf6 3. e5 Nd5 4. d4 cxd4 5. Nf3 Nc6 6. cxd4 d6 7. Bc4 e6 8. O-O
Be7 9. Qe2 O-O 10. Nc3 Nxc3 11. bxc3 dxe5 12. dxe5 Qc7 13. Bd3 Rd8 14. Qe4 g6
15. Bh6 Bd7 16. Rac1 Be8 17. Rfe1 Rac8 18. Be2 Rd5 19. Bf1 Ra5 1/2-1/2

[Event "MCRE_PF15"]
[Site "?"]
[Date "2003.??.??"]
[Round "1"]
[White "Svajdler, Frantisek"]
[Black "Sochor, Frantisek"]
[Result "1/2-1/2"]
[WhiteElo "2278"]
[BlackElo "2252"]
[PlyCount "50"]
[EventDate "2003.??.??"]
[EventType "corr"]
[EventRounds "2"]
[SourceDate "2005.03.12"]

1. e4 c5 2. c3 d5 3. exd5 Qxd5 4. d4 Nf6 5. Nf3 Nc6 6. Be2 cxd4 7. cxd4 e6 8.
O-O Be7 9. Nc3 Qd6 10. Nb5 Qd8 11. Bf4 Nd5 12. Bg3 O-O 13. Bc4 a6 14. Bxd5 exd5
15. Nc7 Rb8 16. Ne5 Nb4 17. Nd3 Nc6 18. Nf4 Bh4 19. Bxh4 Qxh4 20. Qd2 Qd8 21.
Ncxd5 Be6 22. Nc3 Qxd4 23. Rad1 Qxd2 24. Rxd2 Rfd8 25. Rfd1 Rxd2 1/2-1/2

[Event "MCRE_PF15"]
[Site "?"]
[Date "2003.??.??"]
[Round "1"]
[White "Svajdler, Frantisek"]
[Black "Valenta, Josef"]
[Result "1/2-1/2"]
[WhiteElo "2278"]
[BlackElo "2168"]
[PlyCount "58"]
[EventDate "2003.??.??"]
[EventType "corr"]
[EventRounds "2"]
[SourceDate "2005.03.12"]

1. e4 c5 2. c3 d5 3. exd5 Qxd5 4. d4 cxd4 5. cxd4 Nc6 6. Nf3 e6 7. Nc3 Bb4 8.
Bd3 Nf6 9. O-O Qa5 10. Bd2 h6 11. a3 Be7 12. b4 Qd8 13. Be3 Bd6 14. Rc1 O-O 15.
Ne4 Nxe4 16. Bxe4 Ne7 17. Ne5 a5 18. Bd2 axb4 19. Bxb4 Bxb4 20. axb4 Nd5 21. b5
Nf6 22. Bf3 Ra5 23. Qd3 Bd7 24. Rb1 Nd5 25. Rfc1 Be8 26. g3 f6 27. Ng6 Bxg6 28.
Qxg6 Qe8 29. Qd3 Qd7 1/2-1/2

[Event "MCRE_PF15"]
[Site "?"]
[Date "2003.??.??"]
[Round "1"]
[White "Svajdler, Frantisek"]
[Black "Votypka, Miroslav"]
[Result "1/2-1/2"]
[WhiteElo "2278"]
[BlackElo "2249"]
[PlyCount "28"]
[EventDate "2003.??.??"]
[EventType "corr"]
[EventRounds "2"]
[SourceDate "2005.03.12"]

1. e4 e5 2. Nf3 Nc6 3. Bb5 a6 4. Ba4 Nf6 5. O-O Be7 6. Re1 b5 7. Bb3 d6 8. c3
O-O 9. h3 Na5 10. Bc2 c5 11. d4 cxd4 12. cxd4 exd4 13. Nxd4 Re8 14. Nc3 Bd7
1/2-1/2

[Event "MCRE_PF15"]
[Site "?"]
[Date "2003.??.??"]
[Round "1"]
[White "Valenta, Josef"]
[Black "Ksir, Bohumil"]
[Result "0-1"]
[WhiteElo "2168"]
[BlackElo "2115"]
[PlyCount "110"]
[EventDate "2003.??.??"]
[EventType "corr"]
[EventRounds "2"]
[SourceDate "2005.03.12"]

1. d4 Nf6 2. c4 c5 3. d5 e6 4. Nc3 exd5 5. cxd5 d6 6. Nf3 g6 7. e4 Bg7 8. Bg5
h6 9. Bh4 a6 10. h3 b5 11. Nd2 O-O 12. Bd3 Nbd7 13. O-O Re8 14. Rc1 c4 15. Bc2
Bb7 16. a3 Qb6 17. Kh2 Qa5 18. Bg3 Nh5 19. Bxd6 Qb6 20. Bg3 Nxg3 21. fxg3 Ne5
22. Nf3 Qd6 23. Qd2 Rad8 24. Rcd1 Rd7 25. Nxe5 Qxe5 26. Qf2 Qd6 27. Qf4 h5 28.
Qg5 Be5 29. Rf3 Qe7 30. Qc1 h4 31. Ne2 hxg3+ 32. Nxg3 Qh4 33. Rdf1 Rde7 34.
R1f2 f6 35. b3 f5 36. Rf4 Qg5 37. bxc4 Rc7 38. d6 Bxd6 39. exf5 Bxf4 40. Qxf4
Qxf4 41. Rxf4 g5 42. Rg4 bxc4 43. Rxg5+ Rg7 44. h4 Rd8 45. Nf1 Rd4 46. Kg3 Be4
47. Bxe4 Rxe4 48. Rxg7+ Kxg7 49. Kf3 c3 50. Ne3 Rxh4 51. Nc2 Rh1 52. Ke3 Rd1
53. g3 Rd2 54. Ne1 Kf6 55. g4 a5 0-1

[Event "MCRE_PF15"]
[Site "?"]
[Date "2003.??.??"]
[Round "1"]
[White "Votypka, Miroslav"]
[Black "Juhasz, Jozef"]
[Result "1/2-1/2"]
[WhiteElo "2249"]
[BlackElo "2188"]
[PlyCount "104"]
[EventDate "2003.??.??"]
[EventType "corr"]
[EventRounds "2"]
[SourceDate "2005.03.12"]

1. e4 e5 2. Nf3 Nc6 3. Bb5 a6 4. Ba4 Nf6 5. O-O Be7 6. Re1 b5 7. Bb3 d6 8. c3
O-O 9. h3 Bb7 10. d4 Re8 11. a4 Na5 12. Bc2 c5 13. dxe5 dxe5 14. Qxd8 Bxd8 15.
axb5 axb5 16. b4 cxb4 17. cxb4 Nc6 18. Rxa8 Bxa8 19. Bd3 Nxb4 20. Bxb5 Rf8 21.
Nbd2 Nc2 22. Rd1 Bc7 23. Ba4 Nd4 24. Nxd4 exd4 25. f3 Rb8 26. Bc2 Bb6 27. Kf1
Bc6 28. Nc4 Bb5 29. Bd3 Bc7 30. Na3 Bxd3+ 31. Rxd3 Rb4 32. Rd1 Bb6 33. Bd2 Ra4
34. Rc1 h6 35. Rc8+ Kh7 36. Nc4 Nd7 37. Ke2 Bc5 38. Rc7 Ra7 39. Bf4 g5 40. Rxa7
Bxa7 41. Bd6 Kg6 42. Ne5+ Nxe5 43. Bxe5 f6 44. Bh2 h5 45. Kd3 h4 46. Bg1 Bb8
47. Bxd4 Kf7 48. Kc4 Ke6 49. Bc5 Bc7 50. Be3 Be5 51. Kc5 Bd6+ 52. Kd4 Be5+
1/2-1/2

[Event "MCRE_PF15"]
[Site "?"]
[Date "2003.??.??"]
[Round "1"]
[White "Votypka, Miroslav"]
[Black "Koukal, Vladimir"]
[Result "1-0"]
[WhiteElo "2249"]
[BlackElo "2194"]
[PlyCount "120"]
[EventDate "2003.??.??"]
[EventType "corr"]
[EventRounds "2"]
[SourceDate "2005.03.12"]

1. e4 e5 2. Nf3 Nc6 3. Bb5 a6 4. Ba4 Nf6 5. O-O Be7 6. Re1 b5 7. Bb3 d6 8. c3
O-O 9. h3 Na5 10. Bc2 c5 11. d4 Qc7 12. Nbd2 Bd7 13. Nf1 cxd4 14. cxd4 Rac8 15.
Ne3 Nc6 16. d5 Nb4 17. Bb1 a5 18. a3 Na6 19. b4 Qb6 20. Bd2 axb4 21. axb4 Ra8
22. Bd3 Nc7 23. Qe2 Nh5 24. Nc2 Nf6 25. Be3 Qb7 26. Nd2 Rfc8 27. f4 Na6 28. Nf3
Nxe4 29. fxe5 Bf5 30. Bd4 Ng3 31. Qd2 Bxd3 32. Qxd3 Qxd5 33. Kh2 dxe5 34. Rxe5
Qd7 35. Qxb5 Qxb5 36. Rxb5 Ne2 37. Rba5 Rxc2 38. b5 Nxd4 39. Nxd4 Rd2 40. Nf3
Rd3 41. bxa6 Bd6+ 42. Kg1 f6 43. Kf1 Bg3 44. R1a3 Rd7 45. R5a4 Re7 46. Ra1 f5
47. a7 Rb7 48. R1a2 g6 49. Nd4 Re7 50. Ra1 h5 51. Nc6 Re6 52. R4a3 h4 53. Nb4
Rd6 54. Ra5 Kf7 55. Nd5 Rdd8 56. Nb6 Bc7 57. Nxa8 Bxa5 58. Rxa5 Rxa8 59. Ke2
Ke6 60. Kd3 Kd6 1-0

[Event "MCRE_PF15"]
[Site "?"]
[Date "2003.??.??"]
[Round "1"]
[White "Votypka, Miroslav"]
[Black "Ksir, Bohumil"]
[Result "1/2-1/2"]
[WhiteElo "2249"]
[BlackElo "2115"]
[PlyCount "101"]
[EventDate "2003.??.??"]
[EventType "corr"]
[EventRounds "2"]
[SourceDate "2005.03.12"]

1. e4 e5 2. Nf3 Nc6 3. Bb5 a6 4. Ba4 Nf6 5. O-O Be7 6. Re1 b5 7. Bb3 O-O 8. c3
d5 9. exd5 Nxd5 10. Nxe5 Nxe5 11. Rxe5 c6 12. d3 Bd6 13. Re1 Qh4 14. g3 Qh3 15.
Re4 Qf5 16. Nd2 Qg6 17. Re1 f5 18. a4 Rb8 19. axb5 axb5 20. Nf3 f4 21. Ne5 Bxe5
22. Rxe5 fxg3 23. fxg3 Bg4 24. Qc2 Rbe8 25. Bxd5+ cxd5 26. Bf4 Bh3 27. Qe2 Bg4
28. Qe3 Rxe5 29. Bxe5 Bh3 30. Qe2 Qf7 31. Rc1 Qg6 32. d4 Qf5 33. Re1 Qf3 34.
Qxf3 Rxf3 35. Bf4 h6 36. Be3 Kf7 37. Bf2 b4 38. cxb4 Rb3 39. Re2 Rxb4 40. Be3
g5 41. Kf2 Kg6 42. Ke1 Kf5 43. Bg1 Bg4 44. Re5+ Kg6 45. Rxd5 Rxb2 46. Re5 Kf6
47. Bf2 Rb1+ 48. Kd2 Rb2+ 49. Ke1 Rb1+ 50. Kd2 Rb2+ 51. Ke1 1/2-1/2